Los dilemas de la metafísica pura

Spremljeno u:
Bibliografski detalji
Glavni autor: Renouvier, Charles
Format: Knjiga
Jezik:Undetermined
Izdano: Buenos Aires, Argentina Editorial Losada 1944
Teme:
Oznake: Dodaj oznaku
Bez oznaka, Budi prvi tko označuje ovaj zapis!

MARC

LEADER 00000nam a2200000Ia 4500
008 170316s9999 xx 000 0 und d
090 |a 100 R-14d 
100 |a Renouvier, Charles 
245 |a Los dilemas de la metafísica pura 
260 |a Buenos Aires, Argentina 
260 |b Editorial Losada 
260 |c 1944 
300 |a 240 páginas 
650 |a FILOSOFÍA 
650 |a METAFÍSICA 
999 |c 17404  |d 17404 
040 |a cru BVZT 
942 |c 15 D  |h 100 R-14d  |2 z